The liver : An atlas of scanning electron microscopy
Zapisane w:
| 1. autor: | |
|---|---|
| Format: | Książka |
| Język: | Undetermined |
| Wydane: |
Tokyo
Igaku- Shoin
1978
|
| Hasła przedmiotowe: | |
| Etykiety: |
Dodaj etykietę
Nie ma etykietki, Dołącz pierwszą etykiete!
|
| Thư viện lưu trữ: | Trung tâm Học liệu Trường Đại học Cần Thơ |
|---|
| LEADER | 00532nam a2200193Ia 4500 | ||
|---|---|---|---|
| 001 | CTU_76700 | ||
| 008 | 210402s9999 xx 000 0 und d | ||
| 082 | |a 616.01 | ||
| 082 | |b M921 | ||
| 100 | |a Motta, Pietro | ||
| 245 | 4 | |a The liver : | |
| 245 | 3 | |b An atlas of scanning electron microscopy | |
| 245 | 0 | |c Pietro Motta, Masaki Muto, Tsuneo Fujita | |
| 260 | |a Tokyo | ||
| 260 | |b Igaku- Shoin | ||
| 260 | |c 1978 | ||
| 650 | |a Microbiology | ||
| 904 | |i Mai Loan,Hải | ||
| 980 | |a Trung tâm Học liệu Trường Đại học Cần Thơ | ||